00402nam a2200157Ia 450000500170000000800410001704000190005804100120007708200140008910000170010324500470012026000400016730000110020765000150021885000110023320240322115049.0131103s9999 xx 000 0 und d aLoreto College aEnglish a150 bSHI aShinn,George 4aThe Miracle of Motivation cGeorge Shinn aBombaybBetter Yourself Booksc1985 a247p.  aPsychology aLCBED